Statistics for Rock Bassists of the 60s & 70s by band

Click here to take the quiz!

General Stats

  • This quiz has been taken 156 times
  • The average score is 7 of 15

Answer Stats

HintAnswer% Correct
BeatlesPaul McCartney
92%
Led ZeppelinJohn Paul Jones
81%
The WhoJohn Entwistle
78%
RushGeddy Lee
65%
CreamJack Bruce
64%
QueenJohn Deacon
56%
Rolling StonesBill Wyman
55%
Black SabbathGeezer Butler
47%
YesChris Squire
39%
MotorheadLemmy Kilmister
38%
RamonesDee Dee Ramone
36%
Deep PurpleRoger Glover
35%
Jimi Hendrix ExperienceNoel Redding
31%
The ClashPaul Simonon
15%
Jefferson Airplane/Hot TunaJack Casady
14%

Score Distribution

Percentile by Number Answered

Percent of People with Each Score

Your Score History

You have not taken this quiz